Indianismo contra indigenismo: El problema de la identidad en la movilización social de los pueblos originarios de Chile
Uloženo v:
| Hlavní autor: | |
|---|---|
| Médium: | Neznámo |
| Vydáno: |
San José, Costa Rica:
Porvenir,
|
| Témata: | |
| Tagy: |
Přidat tag
Žádné tagy, Buďte první, kdo vytvoří štítek k tomuto záznamu!
|
MARC
| LEADER | 000000000a22000000004500 | ||
|---|---|---|---|
| 001 | 001694 | ||
| 022 | |a 0804-7383 | ||
| 041 | 0 | |a español | |
| 092 | 0 | |a Revista Noruega de Estudios Latinoamericanos | |
| 100 | 1 | |a Cuadra, Sergio | |
| 245 | 1 | 0 | |a Indianismo contra indigenismo: El problema de la identidad en la movilización social de los pueblos originarios de Chile |
| 260 | |a San José, Costa Rica: |b Porvenir, | ||
| 650 | 4 | |a INDIOS CHILEÑOS | |
| 650 | 4 | |a INDIGENISMO | |
| 650 | 4 | |a IDENTIDAD CULTURAL | |
| 650 | 4 | |a INDIGENISMO | |
| 650 | 4 | |a IDENTIDAD CULTURAL | |
| 773 | 0 | |t Revista Noruega de Estudios Latinoamericanos. Corriente del Golfo | |
| 773 | 0 | |g número 3-4 (1998) | |
| 773 | 0 | |g 1970-? | |
| 773 | 0 | |g 265-281 páginas | |
| 999 | |c 1985 |d 1985 | ||
